[Event "Heinola Suomi 100 ottelu Vierumaki"]
[Site "Heinola"]
[Date "2017.11.19"]
[Round "3"]
[White "Guba, Miklos"]
[Black "Tonisson, Trent Asso"]
[Result "1-0"]
[WhiteElo "2214"]
[BlackElo "1339"]
[PlyCount "45"]
[EventDate "2017.11.17"]
[EventType "swiss"]
[EventRounds "3"]
[EventCountry "FIN"]
[SourceTitle "EXT 2022"]
[Source "ChessBase"]
[SourceDate "2021.10.06"]
[SourceVersion "1"]
[SourceVersionDate "2021.10.06"]
[SourceQuality "1"]

1. e4 c5 2. Nf3 d6 3. d4 cxd4 4. c3 dxc3 5. Bc4 Nf6 6. 0-0 e6 7. Qe2 Be7 8. Rd1 Qc7 9. Nxc3 a6 10. Bf4 Nc6 11. Rac1 b5 12. Bb3 Bb7 13. Nd5 exd5 14. exd5 0-0 15. dxc6 Bc8 16. Qd3 Rd8 17. Ng5 Bg4 18. Nxf7 Kf8 19. f3 Bh5 20. Ng5 Qc8 21. Ne6+ Ke8 22. Nxg7+ Kf8 23. Nxh5 1-0